Ceramic Materials for Electronics

Bibliographic Details
Main Author: Buchanan R. C. Relva C.
Language:English
Published: New York, Marcel Dekker, Inc., 2004
Edition:3rd ed.
Subjects:
Format: MixedMaterials Book
KOHA link:https://koha.lib.tpu.ru/cgi-bin/koha/opac-detail.pl?biblionumber=88454

MARC

LEADER 00000nam0a2200000 4500
001 88454
005 20231031102638.0
010 |a 0824740289 
035 |a (RuTPU)RU\TPU\book\94938 
090 |a 88454 
100 |a 20051226d2004 km y0engy50 ba 
101 0 |a eng 
102 |a US  |a CH 
105 |a a z 001zy 
200 1 |a Ceramic Materials for Electronics  |f R. C. Buchanan 
205 |a 3rd ed. 
210 |a New York  |c Marcel Dekker, Inc.  |d 2004 
215 |a 676 p.  |c il. 
320 |a Index: p. 643-676. 
610 1 |a электроника 
610 1 |a материалы 
610 1 |a керамические материалы 
610 1 |a английский язык 
675 |a 621.38.002.3  |v 3 
700 1 |a Buchanan  |b R. C.  |g Relva C. 
801 1 |a RU  |b 63413507  |c 20051226  |g PSBO 
801 2 |a RU  |b 63413507  |c 20060824  |g PSBO 
942 |c BK